ՀՀ Գիտությունների ազգային ակադեմիայի հիմնարար գիտական գրադարան  =   Fundamental Scientific Library of NAS RA

Полное собрание сочинений П.И. Мельникова (Андрея Печерского) : (Record no. 541652)

MARC details
000 -LEADER
fixed length control field 02730nam a2200325 a 4500
001 - CONTROL NUMBER
control field 1184441
003 - CONTROL NUMBER IDENTIFIER
control field AM-YEHGA
005 - DATE AND TIME OF LATEST TRANSACTION
control field 20260415124421.0
008 - FIXED-LENGTH DATA ELEMENTS--GENERAL INFORMATION
fixed length control field 080604m1909 ru c||||r|||||000|1|rus|d
040 ## - CATALOGING SOURCE
Original cataloging agency AM-YEHGA
041 0# - LANGUAGE CODE
Language code of text/sound track or separate title rus
100 1# - MAIN ENTRY--PERSONAL NAME
Personal name Мельников, Павел Иванович,
Dates associated with a name 1818-1883
245 14 - TITLE STATEMENT
Title Полное собрание сочинений П.И. Мельникова (Андрея Печерского) :
Remainder of title С критико-биографическим очерком А.А. Измайлова и с приложением портрета П.И. Мельникова-Печерского : Т. 1-7.
246 18 - VARYING FORM OF TITLE
Title proper/short title Мельников
250 ## - EDITION STATEMENT
Edition statement 2-е изд.
260 ## - PUBLICATION, DISTRIBUTION, ETC.
Place of publication, distribution, etc. Санкт-Петербург :
Name of publisher, distributor, etc. Изд. Т-ва А.Ф. Маркс,
Date of publication, distribution, etc. 1909.
300 ## - PHYSICAL DESCRIPTION
Extent том ;
Dimensions 20 см.
505 00 - FORMATTED CONTENTS NOTE
Miscellaneous information Т. 1 (1909, 288 с.) :
Title Рассказы
Miscellaneous information Т. 2 (1909, 554 с.) :
Title В лесах: Ч. 1-2.
505 10 - FORMATTED CONTENTS NOTE
Miscellaneous information Т. 3 (1909, 520 с.) :
Title В лесах: Ч. 3-4.
505 10 - FORMATTED CONTENTS NOTE
Miscellaneous information Т. 4 (1909, 568 с.) :
Title На горах
505 10 - FORMATTED CONTENTS NOTE
Miscellaneous information Т. 3 (1909, 520 с.) :
Title В лесах : Ч. 3-4
505 10 - FORMATTED CONTENTS NOTE
Miscellaneous information Т. 4 (1909, 569 с.) :
Title На горах : Ч. 1-2
505 10 - FORMATTED CONTENTS NOTE
Miscellaneous information Т. 5 (1909, 484 с.) :
Title На горах : Ч. 3-4
505 10 - FORMATTED CONTENTS NOTE
Miscellaneous information Т. 6 (1909, 423 с.) :
Title Статьи и рассказы : Княжна Тараканова и принцесса Владимирская ; Предания о судьбе Елизаветы Алексеевны Таракановой ; Именины Элпидифора ; Старина ; Семейство Богачевых ; Балахонцовы ; Письма о расколе ; Тайные секты ; Белые голуби
505 10 - FORMATTED CONTENTS NOTE
Miscellaneous information Т. 7 (1909, 590 с.) :
Title Т. 7. Очерки поповщины : Аввакум Петрович ; Счисление раскольников ; Очерки Мордвы ; Исторические известия о Нижнем Новгороде ; Исторические заметки ; Замечание о городах Российской империи ; Предания в Нижегородской губернии ; Дорожные записки; Солнечные затмения, виденные в России за XVI столетие ; Великий художник
650 14 - SUBJECT ADDED ENTRY--TOPICAL TERM
Topical term or geographic name entry element Художественная литература
Chronological subdivision 19 век
Geographic subdivision Россия
650 14 - SUBJECT ADDED ENTRY--TOPICAL TERM
Topical term or geographic name entry element Русская литература
General subdivision Проза
Chronological subdivision 19 век
700 1# - ADDED ENTRY--PERSONAL NAME
Personal name Измайлов, Александр Алексеевич,
Dates associated with a name 1873-1921
Title of a work Павел Иванович Мельников-Печерский : Критико-биогр. очерк А. Измайлова
942 ## - ADDED ENTRY ELEMENTS (KOHA)
Source of classification or shelving scheme Universal Decimal Classification
Koha item type Գրքեր / Books
Holdings
Withdrawn status Lost status Source of classification or shelving scheme Damaged status Not for loan Collection Home library Current library Date acquired Serial enumeration / chronology Total checkouts Full call number Barcode Date last seen Price effective from Koha item type Public note
    Universal Decimal Classification     Kusikian Individual Collection Fundamental Scientific Library Fundamental Scientific Library 19/02/2026 Т. 1   Кус/6488 FL0702500 19/02/2026 19/02/2026 Գրքեր / Books ILL Non-Circ.
    Universal Decimal Classification     Kusikian Individual Collection Fundamental Scientific Library Fundamental Scientific Library 19/02/2026 Т. 2   Кус/6489 FL0702501 19/02/2026 19/02/2026 Գրքեր / Books ILL Non-Circ.
    Universal Decimal Classification     Kusikian Individual Collection Fundamental Scientific Library Fundamental Scientific Library 19/02/2026 Т. 3   Кус/6490 FL0702502 19/02/2026 19/02/2026 Գրքեր / Books ILL Non-Circ.
    Universal Decimal Classification     Kusikian Individual Collection Fundamental Scientific Library Fundamental Scientific Library 19/02/2026 Т. 4   Кус/6491 FL0702503 19/02/2026 19/02/2026 Գրքեր / Books ILL Non-Circ.
    Universal Decimal Classification     Kusikian Individual Collection Fundamental Scientific Library Fundamental Scientific Library 18/03/2026 Т. 5   Кус/6492 FL0704110 18/03/2026 18/03/2026 Գրքեր / Books ILL Non-Circ.
    Universal Decimal Classification     Kusikian Individual Collection Fundamental Scientific Library Fundamental Scientific Library 18/03/2026 Т. 6   Кус/6493 FL0704111 18/03/2026 18/03/2026 Գրքեր / Books ILL Non-Circ.
    Universal Decimal Classification     Kusikian Individual Collection Fundamental Scientific Library Fundamental Scientific Library 18/03/2026 Т. 7   Кус/6494 FL0704112 18/03/2026 18/03/2026 Գրքեր / Books ILL Non-Circ.


ՀՀ ԳԱԱ հիմնարար գիտական գրադարան
ՀՀ,Երևան 0019
Մարշալ Բաղրամյան 24/6
հեռախոս:(374-10) 52-47-50
Հետադարձ կապ

All site content, except where otherwise noted, is licensed under a
Creative Commons License